| 000 | 00499nam a2200193 a 4500 | ||
|---|---|---|---|
| 001 | 1777027203210 | ||
| 003 | YourLibrary | ||
| 005 | 20260424161207.0 | ||
| 008 | 260424s2006##################000#0#eng## | ||
| 020 | _a9781412926232 | ||
| 082 | 0 | 4 | _a344.730791OSB |
| 100 | 1 |
_aAllan G. Osborne, Jr., _eauthor. |
|
| 245 | 1 | 0 | _aSpecial Education and the Law : |
| 260 |
_bCorwin, _c2006. |
||
| 300 | _a304 pages | ||
| 650 | 0 | _aEducation. | |
| 942 | _cENGLISH | ||
| 040 |
_aYourLibrary _beng _cYourLibrary |
||
| 999 |
_c619829 _d619829 |
||